| 000 | 00431nam a22001337a 4500 | ||
|---|---|---|---|
| 003 | OSt | ||
| 082 | _a631 | ||
| 088 | _aP541 | ||
| 100 |
_aGAYATHRI, M. PILLAI _aPARVATHI, M. BINOD _aHARITHA, S _aJYOTHIKRISHNA, S _95354 |
||
| 245 | _aDESIGN OF RIDGE PLASTERING ATTACHMENT FOR POWER TILLER | ||
| 260 |
_aThavanur _KKelappaji College of Agricultural Engineering and Technology _c2022 |
||
| 700 |
_aEr Sanju Sukumaran _95355 |
||
| 942 | _cPR | ||
| 999 |
_c17607 _d17607 |
||